000 00324nam a2200145Ia 4500
008 100122s9999 xx 000 0 und d
082 _b41941
_a920.72
100 _aGOODEN RUMER
245 _aGULBADAN
260 _bTHE VIKING PRESS
_c1905
300 _a153
630 _aGULBADAN
730 _aGULBADAN
942 _cBOOK
999 _c372739
_d372736